Vvedenije v bioneorganičeskuju i biofizičeskuju chimiju /

Salvato in:
Dettagli Bibliografici
Autore principale: Lenskij, Anatolij Stepavovič (Autore)
Natura: Libro
Pubblicazione: Moskva : Vyšča škola, 1989
Tags: Aggiungi Tag
Nessun Tag, puoi essere il primo ad aggiungerne!!

MARC

LEADER 00000nam a22000003a 4500
001 stu16001
005 20150617225701.6
008 ------s1989----xxr---------------------d
040 |a STU  |b slo 
041 0
044 |a xxr 
080 |a 541.124/.128 
100 1 |a Lenskij, Anatolij Stepavovič  |4 aut 
245 1 |a Vvedenije v bioneorganičeskuju i biofizičeskuju chimiju /  |c [aut.]Lenskij,Anatolij Stepavovič 
260 |a Moskva :  |b Vyšča škola,  |c 1989 
300 |a 255 :  |b Tab.,index 
996 |b C84968  |c C*84968  |l CCV  |s P  |a 0  |w stu16001_0001